[Event "Amizade Open"]
[Site "Sao Paulo BRA"]
[Date "2008.08.29"]
[Round "7"]
[White "Oliveira,Si"]
[Black "Tsuboi,E"]
[Result "1/2-1/2"]
[WhiteElo "2323"]
[BlackElo "2356"]

1.e4 c5 2.Nf3 Nc6 3.d4 cxd4 4.Nxd4 e6 5.Nc3 Qc7 6.Be2 a6 7.Be3 Nf6 8.O-O Bb4
9.Na4 Be7 10.c4 Nxe4 11.c5 O-O 12.Rc1 Rb8 13.g3 Nf6 14.Bf3 g6 15.Nb6 e5 16.Nb3 d6
17.cxd6 Bxd6 18.Na5 e4 19.Be2 Bh3 20.Re1 Bb4 21.Nxc6 bxc6 22.Qd4 Rxb6 23.Qxb6 Qxb6
24.Bxb6 Bxe1 25.Rxe1 Nd5 26.Bc5 Rb8 27.b3 a5 28.Bc4 Bf5 29.Rd1 Nc3 30.Rd6 Nxa2
31.Rxc6 Rd8 32.Bb6 Rd1+ 33.Kg2 e3 34.Rf6 Be6 35.Bxa5 e2 36.Bxe6 fxe6 37.Rxe6 Nc1
38.Kf3 Nxb3 39.Kxe2 Nd4+ 40.Kxd1 Nxe6 41.Ke2 h5 42.Ke3 Ng5 43.Bc3 Kf7 44.h4 Ne6
45.f3 Nc5 46.Kd4 Ne6+ 47.Kd5 Nf8 48.Kd6 Ne6 49.Be5 Nf8 50.Bf4 Ne6 51.Be3 Ng7
52.Ke5 Nf5 53.Kf4 Ng7 54.Kg5 Ne6+ 55.Kh6 Ng7 56.g4 hxg4 57.fxg4 Ne6 58.Bd2 Nd4
59.Ba5 Nf3 60.Bd8 Ne5 61.Kg5 Nf3+ 62.Kf4 Nd4 63.Bb6 Ne6+ 64.Ke5 Nf8 65.Bd4 Ne6
66.Bb6 Nf8 67.Bd8 Ne6 68.Ba5 Nf8 69.Bc3 Ne6 70.Kd6 Nf4 71.Bd2 Ne6 72.Be3 Ng7  1/2-1/2

[Event "28th Open"]
[Site "Bratto ITA"]
[Date "2008.08.30"]
[Round "9"]
[White "Bellia,F"]
[Black "Manfredi,V"]
[Result "1-0"]
[WhiteElo "2403"]
[BlackElo "2204"]

1.e4 c5 2.Nf3 Nc6 3.d4 cxd4 4.Nxd4 e6 5.Nc3 Qc7 6.Be2 a6 7.O-O Nf6 8.Be3 Bb4
9.Na4 Be7 10.Nxc6 bxc6 11.Nb6 Rb8 12.Nxc8 Qxc8 13.e5 Nd5 14.Bc1 Bc5 15.c4 Ne7
16.b3 Qc7 17.Bb2 d6 18.exd6 Bxd6 19.g3 Be5 20.Bxe5 Qxe5 21.Bf3 c5 22.Re1 Qc7
23.Be4 O-O 24.Qh5 Ng6 25.Qg5 Rfd8 26.Red1 a5 27.h4 h6 28.Qe3 Nf8 29.Bc2 Nd7
30.Rd2 Nf6 31.Rad1 Rxd2 32.Qxd2 Kf8 33.Qe3 Ke7 34.Rd2 Rd8 35.Rxd8 Kxd8 36.Qc3 Ke7
37.Bd1 Ne8 38.Be2 Qb6 39.Bf1 Qb4 40.Qf3 a4 41.bxa4 Qxa4 42.Qb7+ Kf8 43.Qc8 Qa5
44.a4 Ke7 45.Qb7+ Nc7 46.Qc6 g5 47.h5 Kf6 48.Qb7 Kg7 49.Qb2+ Kf8 50.Qh8+ Ke7
51.Qxh6 Qd2 52.Qg7 Ne8 53.Qe5  1-0

[Event "XLII Open"]
[Site "Mislata ESP"]
[Date "2008.08.30"]
[Round "8"]
[White "Abreu Delgado,A"]
[Black "Ortega Hermida,D"]
[Result "1/2-1/2"]
[WhiteElo "2502"]
[BlackElo "2414"]

1.e4 c5 2.Nf3 e6 3.d4 cxd4 4.Nxd4 Nc6 5.Nc3 Qc7 6.Be3 a6 7.Qd2 Nf6 8.O-O-O Bb4
9.f3 O-O 10.a3 Be7 11.f4 b5 12.e5 Ne8 13.Nxc6 Qxc6 14.Be2 Qc7 15.Ne4 Bb7
16.Bf3 d5 17.Nf2 a5 18.Nd3 b4 19.a4 d4 20.Bxd4 Bxf3 21.gxf3 Qc4  1/2-1/2

[Event "LXXII ch-CRC Fase 2"]
[Site "San Jose CRC"]
[Date "2008.08.30"]
[Round "6"]
[White "Vives,D"]
[Black "Hernandez Basante,F"]
[Result "1/2-1/2"]
[WhiteElo "2061"]
[BlackElo "2254"]

1.e4 c5 2.Nc3 e6 3.Nf3 Nc6 4.d4 cxd4 5.Nxd4 Qb6 6.Nb3 a6 7.Be3 Qc7 8.Qd2 Nf6
9.f3 Bb4 10.O-O-O d5 11.a3 Bxc3 12.Qxc3 O-O 13.Bg5 dxe4 14.Bxf6 Qf4+ 15.Kb1 Qxf6
16.Qxf6 gxf6 17.fxe4 Ne5 18.Be2 Bd7 19.Rhf1 Kg7 20.Rf4 Rac8 21.Rdf1 Rfd8
22.Rxf6 Ba4 23.R6f2 Bxb3 24.cxb3 Rd4 25.Bf3 Rcd8 26.Rc2 R8d7 27.Rcc1 Rd2
28.Rc2 R2d4 29.Rfc1 Nc6 30.b4 Kf6 31.Rf1 Kg7 32.h3 Ne5 33.Rfc1 Nc6 34.Rc5 f6
35.R5c4 Kg6 36.Rc5 Rd2 37.R1c2 R2d3 38.Bg4 R3d6 39.Bh5+ Kh6 40.Bf3 e5 41.Rf2 Rd2
42.Rxd2 Rxd2 43.b5 axb5 44.Rxb5 Rd7 45.Bg4 Rc7 46.Rc5 Kg5 47.b4 Rg7 48.b5 Nd4
49.b6 Nc6 50.a4 h5 51.Bf3 Rd7 52.a5 Rd4 53.Kc1 Rb4 54.Bd1 Nd4 55.Rc7 Rb5
56.Rxb7 Rxa5 57.Rh7 Kg6 58.Rd7 Rb5 59.b7 Rb4 60.Kd2 Ne6 61.Kc3 Rb1 62.g4 hxg4
63.Bxg4 Nc5 64.Bf5+ Kg5 65.Rg7+ Kf4 66.Bc8 Kxe4 67.Rg4+ Kd5 68.Rg7 e4 69.h4 e3
70.Re7 Ne4+ 71.Kd3 Rb3+ 72.Ke2 Kd4 73.Bg4 f5 74.Bf3 Rb2+ 75.Ke1 Nc5 76.Kd1  1/2-1/2

[Event "2nd Euwe Stimulans"]
[Site "Sao Paulo BRA"]
[Date "2008.08.30"]
[Round "8"]
[White "Zambrana,O"]
[Black "El Debs,F"]
[Result "1/2-1/2"]
[WhiteElo "2458"]
[BlackElo "2440"]

1.e4 c5 2.Nf3 Nc6 3.d4 cxd4 4.Nxd4 e6 5.Nc3 Qc7 6.Be3 a6 7.Qd2 Nf6 8.f3 d5
9.exd5 Nxd5 10.Nxd5 exd5 11.O-O-O Bd6 12.Kb1 O-O 13.Bd3 Be5 14.Ne2 Re8 15.Bf4 Be6
16.Bxe5 Nxe5 17.Qf4 Rac8 18.Nd4 Nc6 19.Qh4 h6 20.c3 Qe7 21.Qxe7 Rxe7 22.Nxc6 bxc6
23.Bxa6 Bf5+ 24.Bd3 Bxd3+ 25.Rxd3 Re2 26.Rhd1 Rxg2 27.R1d2 Rxd2 28.Rxd2 g5
29.b4 f5 30.Kc2 Kf7 31.Kd3 Ke6 32.a4 Kd6 33.a5 h5 34.Ra2 g4 35.Ke3 f4+ 36.Kf2 Re8
37.Ra1 Re3 38.a6 Re8 39.Rg1 Rh8 40.a7 Kc7 41.fxg4 hxg4 42.Rxg4 Rxh2+ 43.Rg2 Rxg2+
44.Kxg2 Kb7 45.Kf3 Kxa7 46.Kxf4 Kb6 47.Ke5 c5 48.Kxd5 cxb4 49.cxb4 Kb5 50.Kd4 Kxb4  1/2-1/2

[Event "17th Korensky Memorial"]
[Site "Tambow RUS"]
[Date "2008.08.30"]
[Round "9"]
[White "Alikhanov,F"]
[Black "Pecheritsa,V"]
[Result "1-0"]
[WhiteElo "2392"]
[BlackElo "2308"]

1.e4 c5 2.Nf3 e6 3.d4 cxd4 4.Nxd4 Nc6 5.Nc3 a6 6.Be2 Qc7 7.O-O Nf6 8.Be3 Bb4
9.f4 Bxc3 10.bxc3 Nxe4 11.Bd3 Nf6 12.Nxc6 bxc6 13.Qf3 O-O 14.Bd4 Ne8 15.c4 d6
16.c5 f5 17.Qe3 dxc5 18.Bxc5 Rf7 19.Rad1 Bd7 20.Bd4 Nf6 21.h3 Nd5 22.Qf2 c5
23.Be5 Qa5 24.c4 Nb4 25.Bb1 Re8 26.Bd6 Rc8 27.Rfe1 Nc6 28.Bxc5 Qa4 29.a3 Na5
30.Ba2 Bc6 31.Bb4 Be4 32.c5 Rf6 33.Rd6 Rc6 34.Rd8+ Rf8 35.Rxf8+ Kxf8 36.Qd2 Nb7
37.Qb2 a5 38.Bc3 Nxc5 39.Bxg7+ Ke8 40.Rc1 Nd7 41.Rxc6 Qxc6 42.Bh6 Kd8 43.Bg5+ Kc8
44.Bh4 Qd6 45.Qc3+ Kb7 46.Qb3+ Kc8 47.Bf2 Qxf4 48.Qc3+ Qc7 49.Qxc7+ Kxc7
50.Bxe6  1-0

[Event "X Sants Open"]
[Site "Barcelona ESP"]
[Date "2008.08.31"]
[Round "10"]
[White "Huerga Leache,M"]
[Black "Salgado Lopez,I"]
[Result "0-1"]
[WhiteElo "2433"]
[BlackElo "2532"]

1.e4 c5 2.Nf3 e6 3.d4 cxd4 4.Nxd4 Nc6 5.Nc3 Qc7 6.Be3 a6 7.Be2 Nf6 8.O-O Be7
9.Na4 Nxe4 10.Nxc6 bxc6 11.Qd4 Nf6 12.Rfd1 O-O 13.Bf4 Qa5 14.Bd2 Qf5 15.Bd3 Qh5
16.Re1 c5 17.Qf4 Bb7 18.Bc3 Nd5 19.Qg3 Nxc3 20.Nxc3 d6 21.Rad1 Qh4 22.Be4 Qxg3
23.hxg3 Rab8 24.b3 Rfc8 25.Bf3 Kf8 26.Bxb7 Rxb7 27.Re4 c4 28.Rxc4 Rxc4 29.bxc4 Rc7
30.Rb1 g6 31.Rb4 d5 32.Ra4 Rxc4 33.Rxc4 dxc4 34.Na4 Bb4 35.Nb6 c3 36.Kf1 Ke7
37.Ke2 h5 38.Nc4 Bc5 39.Ne5 g5 40.Nd3 Bd6 41.Ke3 e5 42.f3 f5 43.Nc1 e4 44.fxe4 Bxg3
45.Ke2 fxe4 46.Nb3 Kd6 47.Nd4 Bf4 48.Kf1 Bd2 49.Kf2 h4 50.g3 Kd5 51.Ne2 Ke5
52.g4 Kd5 53.Ng1 Kc4 54.Ke2 Kb4 55.Kd1 Ka3 56.Nf3 h3  0-1

[Event "SuperLiga-ROM"]
[Site "Eforie Nord ROM"]
[Date "2008.09.01"]
[Round "1"]
[White "Butunoi,A"]
[Black "Grozav,V"]
[Result "1-0"]
[WhiteElo "2382"]
[BlackElo "2198"]

1.e4 c5 2.Nf3 e6 3.d4 cxd4 4.Nxd4 Nc6 5.Nc3 a6 6.Nxc6 bxc6 7.Bd3 d5 8.O-O Nf6
9.Re1 d4 10.Na4 e5 11.c3 c5 12.Bg5 Bd7 13.b4 dxc3 14.bxc5 Qa5 15.Nb6 Rd8
16.Bxf6 gxf6 17.Nd5 Bg7 18.Qf3 Qxc5 19.Rac1 Qd6 20.Bxa6 O-O 21.Bc4 Bc6 22.Rxc3 Bxd5
23.Bxd5 Rc8 24.Rd3 Qb4 25.Red1 Rc7 26.Qg4 Rc3 27.Bxf7+ Kh8 28.Rd7 f5 29.Qg5 Qa4
30.Bb3 Bf6 31.Qh6  1-0

[Event "WCh-Women"]
[Site "Nalchik RUS"]
[Date "2008.09.01"]
[Round "2.1"]
[White "Ruan Lufei"]
[Black "Amura,C"]
[Result "1/2-1/2"]
[WhiteElo "2499"]
[BlackElo "2345"]

1.e4 c5 2.Nf3 Nc6 3.Nc3 e6 4.d4 cxd4 5.Nxd4 Nf6 6.Ndb5 d6 7.Bf4 e5 8.Bg5 a6
9.Na3 b5 10.Nd5 Be7 11.Bxf6 Bxf6 12.c3 Ne7 13.Nc2 Nxd5 14.Qxd5 Be6 15.Qc6+ Ke7
16.Nb4 Qd7 17.Qb6 Rhc8 18.a4 Kf8 19.Be2 Bd8 20.Qe3 Ba5 21.axb5 axb5 22.O-O Bxb4
23.cxb4 Rxa1 24.Rxa1 d5 25.exd5 Bxd5 26.Qxe5 Re8 27.Qh5 Qc6 28.Bf1 h6 29.h3 Re4
30.Qd1 Rxb4 31.Rc1 Qe6 32.Rc5 Bc6 33.Qd8+ Be8 34.Rc2 Re4 35.Qd3 Re1 36.Re2 Rxe2
37.Bxe2 Qe5 38.Qd2  1/2-1/2

[Event "ch-ISL"]
[Site "Reykjavik ISL"]
[Date "2008.09.01"]
[Round "6"]
[White "Lagerman,R"]
[Black "Stefansson,H"]
[Result "1/2-1/2"]
[WhiteElo "2354"]
[BlackElo "2566"]

1.e4 c5 2.Nf3 e6 3.d4 cxd4 4.Nxd4 Nc6 5.Nc3 Qc7 6.Be2 a6 7.O-O Nf6 8.Kh1 Be7
9.f4 d6 10.a4 O-O 11.Be3 Re8 12.Qe1 Nxd4 13.Bxd4 e5 14.fxe5 dxe5 15.Qg3 Bd8
16.Be3 Be6 17.Bh6 g6 18.Rad1 Be7 19.Bg5 Kg7 20.Qh4 Ng8 21.Bg4 Bxg5 22.Qxg5 Bxg4
23.Qxg4 Rad8 24.Qf3 Rxd1 25.Rxd1 Re6 26.Qd3 Nf6 27.Nd5 Qc5 28.b4 Qf2 29.Nxf6 Rxf6
30.h3 Rc6 31.Qd5 Rxc2 32.Qxe5+ Kh6 33.Rg1 b6 34.a5 bxa5 35.Qxa5 Qe2 36.Qd5 Rc7
37.Ra1 Re7 38.Qd6 Qxe4 39.Qd2+ Kg7 40.Rxa6 Qe5 41.Ra2 Qf6 42.Qf2 Qxf2 43.Rxf2 Re1+
44.Kh2 Rb1 45.Rf4 f5 46.Rc4 g5 47.h4  1/2-1/2

[Event "17th CRO-chT 1a"]
[Site "Sibenik CRO"]
[Date "2008.09.01"]
[Round "5"]
[White "Palac,M"]
[Black "Ribli,Z"]
[Result "1/2-1/2"]
[WhiteElo "2587"]
[BlackElo "2577"]

1.e4 c5 2.Nf3 e6 3.d4 cxd4 4.Nxd4 Nc6 5.Nc3 Qc7 6.Be2 a6 7.O-O Nf6 8.Be3 Bb4
9.Na4 Be7 10.Nxc6 bxc6 11.Bb6 Qe5 12.Bd3  1/2-1/2

[Event "TCh-SRB 1st League"]
[Site "Subotica SRB"]
[Date "2008.09.01"]
[Round "1"]
[White "Tosic,M"]
[Black "Markus,Rob"]
[Result "1/2-1/2"]
[WhiteElo "2422"]
[BlackElo "2572"]

1.e4 c5 2.Nf3 e6 3.d4 cxd4 4.Nxd4 Nc6 5.Nc3 Qc7 6.g3 a6 7.Bg2 d6 8.O-O Bd7
9.a4 Nf6 10.Nb3 Be7 11.a5 Ne5 12.f4 Nc4 13.Qe2 O-O 14.g4 Bb5 15.g5 Nd7 16.Kh1 Rfe8
17.Rf3 Nxa5 18.Nxb5 axb5 19.Qxb5  1/2-1/2

[Event "XVI Open"]
[Site "Albacete ESP"]
[Date "2008.09.02"]
[Round "2"]
[White "Llavador Moron,J"]
[Black "Solodovnichenko,Y"]
[Result "0-1"]
[WhiteElo "2195"]
[BlackElo "2541"]

1.e4 c5 2.Nf3 e6 3.d4 cxd4 4.Nxd4 Nc6 5.Nc3 d6 6.Be3 Nf6 7.Be2 Be7 8.O-O O-O
9.f4 Bd7 10.Bf3 Nxd4 11.Qxd4 Bc6 12.f5 Qa5 13.g4 h6 14.Qd2 Rfe8 15.Qg2 Nd7
16.g5 hxg5 17.fxe6 fxe6 18.Bh5  0-1

[Event "WCh-Women"]
[Site "Nalchik RUS"]
[Date "2008.09.02"]
[Round "2.2"]
[White "Hou Yifan"]
[Black "Mongontuul,B"]
[Result "1-0"]
[WhiteElo "2557"]
[BlackElo "2406"]

1.e4 c5 2.Nf3 e6 3.d4 cxd4 4.Nxd4 Nc6 5.Nc3 d6 6.Be2 Nf6 7.O-O Be7 8.Be3 Bd7
9.Nb3 O-O 10.f4 a5 11.a4 Nb4 12.Nd4 e5 13.Ndb5 Bc6 14.Bd3 d5 15.fxe5 Nxe4
16.Bxe4 dxe4 17.Qe2 Qc8 18.Rad1 Bd7 19.Nd6 Bxd6 20.Rxd6 Bg4 21.Qf2 Qe8 22.Qg3 Bh5
23.h4 Qc8 24.Nxe4 Bg6 25.Nc3 Ra6 26.Qf3 Nxc2 27.Nd5 Qc4 28.h5 Rxd6 29.exd6 Be4
30.Ne7+ Kh8 31.Qf2 Qd3 32.Bc5 b6 33.Bxb6 Qxd6 34.Bc5 Qe5 35.Ng6+ hxg6 36.Bxf8 gxh5
37.Qxf7 Qd4+ 38.Rf2 Bh7 39.Bxg7+ Qxg7 40.Qe8+ Bg8 41.Qxh5+ Bh7 42.Rxc2  1-0

[Event "17th CRO-chT 1b"]
[Site "Sibenik CRO"]
[Date "2008.09.02"]
[Round "6"]
[White "Mrdja,M"]
[Black "Bilobrk,F"]
[Result "1-0"]
[WhiteElo "2409"]
[BlackElo "2372"]

1.e4 c5 2.Nf3 e6 3.d4 cxd4 4.Nxd4 Nc6 5.Nc3 Qc7 6.Be3 a6 7.Qd2 Nf6 8.f3 Ne5
9.f4 Nc4 10.Bxc4 Qxc4 11.e5 Nd5 12.Nxd5 Qxd5 13.O-O b5 14.Rad1 Bb7 15.Qf2 Qe4
16.Nb3 Rc8 17.c3 Be7 18.Rd2 Bd5 19.Re1 Qc4 20.f5 Bh4 21.g3 Be7 22.f6 gxf6
23.exf6 Bf8 24.Rd4 Qc6 25.Red1 Bf3 26.R1d2 d6 27.Rh4 e5 28.h3 Bd5 29.Kh2 Be6
30.Qe2 Qa8 31.Bh6 Bxh6 32.Rxh6 Rd8 33.Qd3 Bc4 34.Qe3 Be6 35.Rh5 Rd7 36.Nc1 Qd8
37.Rf2 Qc7 38.a3 Rd8 39.Nd3 Rc8 40.Rd2 a5 41.Nf2 b4 42.axb4 axb4 43.cxb4 Qc1
44.Qd3 Qc6 45.Ne4 d5 46.Nc5 e4 47.Qd4 Qc7 48.Rg5 Kf8 49.Nxe6+ fxe6 50.Rf2 Qc1
51.Qe5 Qxg5 52.Qxg5  1-0

[Event "TCh-SRB 1st League"]
[Site "Subotica SRB"]
[Date "2008.09.02"]
[Round "2"]
[White "Efimenko,Z"]
[Black "Predojevic,B"]
[Result "1-0"]
[WhiteElo "2670"]
[BlackElo "2634"]

1.e4 c5 2.Nf3 e6 3.d4 cxd4 4.Nxd4 Nc6 5.Nc3 a6 6.Be2 d6 7.O-O Bd7 8.a4 Nf6
9.Be3 Be7 10.f4 Nxd4 11.Bxd4 Bc6 12.Bd3 O-O 13.Kh1 Rc8 14.Qe1 Nd7 15.Rd1 Qc7
16.Qg3 e5 17.Be3 Kh8 18.Rf3 Bf6 19.Qh3 Rce8 20.f5 d5 21.exd5 e4 22.Nxe4 Bxd5
23.Nxf6 Nxf6 24.Rg3 Qe5 25.c3 Ne4 26.Bxe4 Qxe4 27.f6 Rg8 28.fxg7+ Rxg7 29.Rxg7 Kxg7
30.Qh6+  1-0

[Event "TCh-SRB 1st League"]
[Site "Subotica SRB"]
[Date "2008.09.02"]
[Round "2"]
[White "Djukic,Ni"]
[Black "Cvetkovic,Sr"]
[Result "1-0"]
[WhiteElo "2545"]
[BlackElo "2374"]

1.e4 c5 2.Nf3 e6 3.d4 cxd4 4.Nxd4 Nc6 5.Nc3 Qc7 6.Be2 a6 7.O-O Nf6 8.Kh1 b5
9.Nxc6 dxc6 10.f4 Bb7 11.e5 Rd8 12.Qe1 Nd5 13.Nxd5 cxd5 14.Bd3 g6 15.Bd2 Qc6
16.Bb4 d4 17.Rf2 h5 18.Re2 h4 19.h3 Rh5 20.a4 bxa4 21.Bxf8 Kxf8 22.Qb4+ Kg7
23.Rxa4 Rd7 24.Ra5 Qc8 25.Qb6 Qd8 26.Qxd8 Rxd8 27.Re1 Rhh8 28.b3 Rd7 29.Rea1 Rc8
30.R1a4 Rc3 31.Rb4 Rc8 32.Raa4 Rcd8 33.Kh2 Kh6 34.Rb6 Rc8 35.Rab4 Rcc7 36.Rd6 Rxd6
37.exd6 Rd7 38.Rxd4 g5 39.fxg5+ Kxg5 40.c4 f5 41.c5 e5 42.Rb4 e4 43.Bc4 e3
44.Rxb7 Rxb7 45.c6  1-0

[Event "TCh-SRB 1st League"]
[Site "Subotica SRB"]
[Date "2008.09.02"]
[Round "2"]
[White "Aleksic,Nen1"]
[Black "Rajkovic,Du"]
[Result "0-1"]
[WhiteElo "2371"]
[BlackElo "2476"]

1.e4 c5 2.Nf3 e6 3.Nc3 Nc6 4.d4 cxd4 5.Nxd4 Qc7 6.g3 a6 7.Bg2 Nf6 8.O-O d6
9.Re1 Nd7 10.Bg5 Nde5 11.Nxc6 bxc6 12.b3 Bb7 13.Na4 c5 14.Qd2 h6 15.Bf4 c4
16.Rad1 Be7 17.Qd4 O-O 18.Qb6 Rac8 19.Qxc7 Rxc7 20.Nb6 Rc6 21.Bxe5 Rxb6 22.Bd4 Rc6
23.b4 c3 24.a3 e5 25.Be3 Rc7 26.Bb6 Rc6 27.Be3 Rb8 28.Bf1 Bc8 29.Rb1 Be6
30.b5 axb5 31.Bxb5 Ba2 32.Rb4 Rc7 33.Bd3 Ra8 34.Ra1 Be6 35.Rbb1 Bd7 36.Bb6 Rcc8
37.Be3 Bc6 38.Rb3 Ba4 39.Rb7 Bd8 40.Rab1 Bc6 41.Ra7 f5 42.f3 fxe4 43.fxe4 Bg5
44.Bf2 Rxa7 45.Bxa7 Ra8 46.Bf2 Rxa3 47.Rb6 Ba8 48.Rxd6 Ra4 49.Be1 Bd2 50.Bxd2 cxd2
51.Rd8+ Kf7 52.Be2  0-1

[Event "Masters"]
[Site "Trieste ITA"]
[Date "2008.09.02"]
[Round "4"]
[White "Cherin,D"]
[Black "Kragelj,I"]
[Result "1/2-1/2"]
[WhiteElo "2287"]
[BlackElo "2228"]

1.e4 c5 2.Nf3 e6 3.d4 cxd4 4.Nxd4 Nc6 5.Nc3 Qc7 6.Be2 a6 7.O-O Nf6 8.Be3 Be7
9.f4 d6 10.a4 O-O 11.Kh1 Re8 12.Bf3 Bf8 13.Qd2 Rb8 14.a5 Nxa5 15.Ncb5 axb5
16.Nxb5 Qc4 17.Qxa5 Bd7 18.Nc3 d5 19.exd5 exd5 20.Nxd5 Nxd5 21.Bxd5 Qxc2
22.Ba7 Rbd8 23.Bxb7 Qxb2 24.Bb6 Rb8 25.Rfb1 Qxb1+ 26.Rxb1 Rxb7 27.h3 Reb8
28.Rb2 h6 29.Qd2 Be6 30.Bd4 Rxb2 31.Bxb2 Rc8 32.Qd4 Rb8 33.Qe5 Rb3 34.Bd4 Rb4
35.Kh2 Rc4 36.Ba1 Ra4 37.Bb2 Ra2 38.Qb8 Ra4 39.Bc3 Rc4 40.Be5 Rc8 41.Qb7 f6
42.Bc7 Re8 43.Qb5 Bf7 44.g4 Rc8 45.Qb7 Re8 46.h4 Be6 47.Qc6 Bf7 48.Kg3 Re3+
49.Kf2 Re8 50.f5 Kh7 51.Bf4 Be7 52.Qc7 Kg8 53.Be3 Bd8 54.Qd7 Be7 55.Bd4 Bf8
56.Kf3 Be7 57.Be3 Kf8 58.Qc7 Kg8 59.Bc5 Bxc5 60.Qxc5 Re5 61.Qc8+ Re8 62.Qd7 Kf8
63.Kf4 Kg8 64.Qc7 Kf8 65.Qd6+ Kg8 66.Qd7 Kf8  1/2-1/2

[Event "XVI Open"]
[Site "Albacete ESP"]
[Date "2008.09.03"]
[Round "4"]
[White "Fernandez Garcia,JoseM"]
[Black "Vega Gutierrez,S"]
[Result "0-1"]
[WhiteElo "2135"]
[BlackElo "2281"]

1.e4 c5 2.Nf3 e6 3.d4 cxd4 4.Nxd4 Nc6 5.Nc3 a6 6.Be2 d6 7.f4 Bd7 8.Be3 Nf6
9.Bf3 Qc7 10.a4 Be7 11.O-O O-O 12.Nxc6 Bxc6 13.a5 Rac8 14.g4 d5 15.e5 Ne4
16.Nxe4 dxe4 17.Bb6 exf3 18.Bxc7 Bc5+ 19.Rf2 Rxc7 20.b4 Bxf2+ 21.Kxf2 Rd7
22.Qe1 Rfd8 23.Ke3 Rd4 24.Kf2 Rd2+ 25.Kg3 Rg2+ 26.Kh4 Rdd2 27.Qh1 h5  0-1

[Event "XVI Open"]
[Site "Albacete ESP"]
[Date "2008.09.03"]
[Round "5"]
[White "Babaev,Ra"]
[Black "Epishin,V"]
[Result "1/2-1/2"]
[WhiteElo "2484"]
[BlackElo "2574"]

1.e4 c5 2.Nf3 e6 3.d4 cxd4 4.Nxd4 Nc6 5.Nc3 Qc7 6.Be2 Nf6 7.O-O Be7 8.Be3 O-O
9.Kh1 d6 10.f4 Nxd4 11.Qxd4 Rd8 12.Nb5 Qc6 13.Nxa7 Qxe4 14.Nxc8 Rdxc8 15.c4  1/2-1/2

[Event "USCL 2008"]
[Site "ICC INT"]
[Date "2008.09.03"]
[Round "2"]
[White "Katz,B"]
[Black "Shen,V"]
[Result "1-0"]
[WhiteElo "2102"]
[BlackElo "2118"]

1.e4 c5 2.Nf3 e6 3.Nc3 Nc6 4.d4 cxd4 5.Nxd4 Qc7 6.Be3 a6 7.Bd3 b5 8.Nxc6 Qxc6
9.O-O Bb7 10.f3 Bc5 11.Qe1 d6 12.Kh1 Bxe3 13.Qxe3 Nf6 14.a4 bxa4 15.Rxa4 O-O
16.Rfa1 Nd7 17.Rc4 Nc5 18.b4 Qb6 19.bxc5  1-0

[Event "61st ch-RUS HL"]
[Site "Novokuznetsk RUS"]
[Date "2008.09.03"]
[Round "1"]
[White "Vorobiov,E"]
[Black "Timofeev,Arty"]
[Result "1/2-1/2"]
[WhiteElo "2550"]
[BlackElo "2650"]

1.e4 c5 2.Nf3 e6 3.d4 cxd4 4.Nxd4 Nc6 5.Nc3 Qc7 6.f4 a6 7.Nxc6 Qxc6 8.Bd3 b5
9.Qe2 Bb7 10.Bd2 Rc8 11.a3 Bc5 12.O-O-O Ne7 13.Qh5 O-O 14.f5 exf5 15.exf5 g6
16.Qh4 gxf5 17.Rhf1 Ng6 18.Qh5 Qxg2 19.Rxf5 Bd4 20.Rf4 Rc5 21.Rf5 d6 22.Re1 Re5
23.Rfxe5 Bxe5 24.Be4 Bxe4 25.Nxe4 d5 26.Re2 Qg1+ 27.Re1 Qg2 28.Re2 Qg1+ 29.Re1 Qg2  1/2-1/2

[Event "Masters"]
[Site "Trieste ITA"]
[Date "2008.09.03"]
[Round "5"]
[White "Simutowe,A"]
[Black "Cherin,D"]
[Result "1-0"]
[WhiteElo "2459"]
[BlackElo "2287"]

1.e4 c5 2.Nf3 e6 3.d4 cxd4 4.Nxd4 Nc6 5.Nc3 Qc7 6.Be3 a6 7.Qd2 Nf6 8.O-O-O Bb4
9.f3 Ne5 10.Bf4 O-O 11.Kb1 Rb8 12.Nb3 Nh5 13.Be3 d5 14.exd5 exd5 15.Ba7 Ra8
16.Nxd5 Bxd2 17.Nxc7 Rxa7 18.Rxd2 b5 19.Nd5 Rd7 20.Nc5 Rdd8 21.Kc1 Kh8 22.Be2 Rd6
23.Rhd1 h6 24.Ne4 Rdd8 25.Nc5 Rd6 26.b3 Kh7 27.f4 Ng4 28.h3 Rxd5 29.Rxd5 Nxf4
30.Bxg4 Nxd5 31.Rxd5  1-0

[Event "XVI Open"]
[Site "Albacete ESP"]
[Date "2008.09.04"]
[Round "7"]
[White "Pardo Simon,D"]
[Black "Cabrera,Ale"]
[Result "0-1"]
[WhiteElo "2204"]
[BlackElo "2513"]

1.e4 c5 2.Nf3 e6 3.Nc3 Nc6 4.d4 cxd4 5.Nxd4 Qc7 6.Be3 a6 7.Bd3 Nf6 8.O-O Nxd4
9.Bxd4 Bc5 10.Bxc5 Qxc5 11.Qe2 d6 12.Kh1 e5 13.Bc4 Be6 14.Bb3 O-O 15.Rad1 Rac8
16.Rd2 b5 17.Rc1 Rc6 18.Nd5 Bxd5 19.Bxd5 Nxd5 20.Rxd5 Qb4 21.c3 Qa4 22.a3 f5
23.exf5 Rxf5 24.Rcd1 Qc4 25.Qe3 Qf4 26.Qxf4 Rxf4 27.Kg1 Rf6 28.Kf1 Kf7 29.Ke2 Ke7
30.Ke3 g5 31.h3 h5 32.f3 Rc4 33.R5d2 Rcf4 34.Rf2 Kd7 35.Rdf1 Rc4 36.Rc1 d5
37.Rd1 Rd6 38.Rfd2 Ke6 39.Rd3 a5 40.R1d2 h4 41.Rd1 Rc8 42.R1d2 a4 43.Rd1 Rcd8
44.R1d2 Kf5 45.Rd1 d4+ 46.cxd4 Rxd4 47.Rxd4 exd4+ 48.Kd3 Kf4 49.Re1 Kg3 50.Re2 Rd5
51.Rc2 Rd8 52.Re2 Kh2 53.Rc2 Kg1 54.Re2 Kf1 55.Rc2 Rd7 56.Re2 Rd5 57.Rc2 Ke1
58.Rc1+ Kf2 59.Rc2+ Kf1 60.Re2 Rc5 61.Rd2 Rc4 62.Re2 Rc1 63.Rd2 Rc4 64.Re2 Kg1
65.Rd2 Kh2 66.Re2 Rc1 67.Re5 Rd1+ 68.Kc2 Rg1 69.Rxg5 Rxg2+ 70.Rxg2+ Kxg2
71.f4 Kf3 72.f5 Ke2 73.f6 d3+ 74.Kc3 d2 75.f7 d1=Q 76.f8=Q Qd2+  0-1

[Event "XVI Open"]
[Site "Albacete ESP"]
[Date "2008.09.04"]
[Round "7"]
[White "Solodovnichenko,Y"]
[Black "Pogorelov,R"]
[Result "1-0"]
[WhiteElo "2541"]
[BlackElo "2459"]

1.e4 c5 2.Nc3 Nc6 3.Nge2 e6 4.d4 cxd4 5.Nxd4 Qc7 6.Be3 a6 7.Qd2 Nf6 8.O-O-O Bb4
9.f3 Ne5 10.Nb3 d5 11.Bd4 O-O 12.Kb1 dxe4 13.Qf4 Bd6 14.Nxe4 Nxe4 15.Qxe4 Ng6
16.h4 e5 17.Bc3 Be6 18.Na5 b5 19.h5 Ne7 20.h6 g6 21.Nb7 f6 22.Ba5 Qb8 23.Nxd6 Ra7
24.f4 Rd7 25.fxe5 Bf5 26.Qe1 Nc6 27.Nxf5 Qxe5 28.Rxd7  1-0

[Event "SuperLiga-ROM"]
[Site "Eforie Nord ROM"]
[Date "2008.09.04"]
[Round "4"]
[White "Kotronias,V"]
[Black "Filip,L"]
[Result "1-0"]
[WhiteElo "2574"]
[BlackElo "2461"]

1.e4 c5 2.Nf3 e6 3.d4 cxd4 4.Nxd4 Nc6 5.Nc3 Qc7 6.Be3 a6 7.Bd3 Nf6 8.O-O Nxd4
9.Bxd4 Bc5 10.Bxc5 Qxc5 11.Kh1 d6 12.f4 e5 13.Qe1 Be6 14.f5 Bd7 15.Qh4 Bc6
16.Rf3 h6 17.Rg3 Kf8 18.a3 b5 19.Rf1 b4 20.Nb1 Rb8 21.h3 a5 22.Kh2 Rg8 23.Nd2 bxa3
24.bxa3 Qxa3 25.Nc4 Qc5 26.Ne3 Ke7 27.Rd1 Rb4 28.c3 Rb3 29.Ng4 Rf8 30.Nxf6 gxf6
31.Qxh6 Rxc3 32.Qg7 d5 33.Rg6 Qd6 34.h4 d4 35.Rg4 Bd7 36.Bb1 Qa3 37.h5 Ba4
38.Rf1 Bb3 39.h6 Rcc8 40.h7 Rh8 41.Rf3 Qb2 42.Bd3 Bd1 43.Bc4 Rxh7+ 44.Qxh7 Rxc4
45.Rg7 Kd6 46.Rxf7 Bxf3 47.Rd7+ Kc5 48.Qe7+  1-0

[Event "Open"]
[Site "Herzliya ISR"]
[Date "2008.09.04"]
[Round "3"]
[White "Bitran,D"]
[Black "Hertz,Y"]
[Result "0-1"]
[WhiteElo "2174"]
[BlackElo "2013"]

1.e4 c5 2.Nf3 e6 3.Nc3 Nc6 4.d4 cxd4 5.Nxd4 Qc7 6.Be3 a6 7.Be2 Nf6 8.O-O Bb4
9.f3 b5 10.a4 Bxc3 11.bxc3 bxa4 12.Rxa4 d5 13.Nb5 Qb8 14.Qa1 O-O 15.Rb1 Bb7
16.Nd4 Qc8 17.Nxc6 Qxc6 18.Rab4 Bc8 19.e5 Nd7 20.c4 a5 21.Rb5 Ba6 22.cxd5 exd5
23.Qa4 Nxe5 24.f4 Nd7 25.c4 Bxb5 26.cxb5 Qe6 27.Qd4 Rfe8 28.Kf2 Nf6 29.b6 Ne4+
30.Kf3 h5 31.h3 Qg6 32.g4 hxg4+ 33.hxg4 Ng5+ 34.fxg5 Qxb1 35.Bd3 Qh1+ 36.Kg3 Qe1+
37.Kf3 Qxe3+ 38.Qxe3 Rxe3+ 39.Kxe3 Rb8 40.Kd4 Rxb6 41.Kxd5 Rb4 42.Bc4 Kf8
43.Kc5 Ke7 44.Be2 Rb2 45.Bd3 a4 46.Kc4 a3 47.Kc3 Rb6  0-1

[Event "61st ch-RUS HL"]
[Site "Novokuznetsk RUS"]
[Date "2008.09.04"]
[Round "2"]
[White "Kryakvin,D"]
[Black "Kalegin,E"]
[Result "1/2-1/2"]
[WhiteElo "2565"]
[BlackElo "2495"]

1.e4 c5 2.Nf3 e6 3.d4 cxd4 4.Nxd4 Nc6 5.Nc3 a6 6.Be2 d6 7.O-O Nf6 8.Be3 Be7
9.f4 O-O 10.Qe1 Nxd4 11.Bxd4 b5 12.Rd1 Bb7 13.Bf3 Qc7 14.e5 dxe5 15.fxe5 Nd7
16.Bxb7 Qxb7 17.Ne4 Kh8 18.Rf4 Qc7 19.Qg3 Nxe5 20.Bxe5 Qxe5 21.Rxf7 Qxg3
22.Rxf8+ Bxf8 23.hxg3 h6 24.Kf2 Rc8 25.c3 b4 26.Rc1 bxc3 27.Rxc3 Rb8 28.b3 a5
29.Ke3 Kh7 30.Rc7 Rb5 31.g4 Kg6 32.Rc6 Kf7 33.Ra6 Bb4 34.Kf4 Rd5 35.Rc6 Bd2+
36.Kf3 Rd3+ 37.Kf2 Bb4 38.Ke2 Rd4 39.Ke3 Rd1 40.Kf4 g5+ 41.Ke3 Re1+ 42.Kd3 Rd1+
43.Ke2 Re1+ 44.Kd3 Rd1+ 45.Ke3 Re1+ 46.Kf3 Rf1+ 47.Kg3 Re1 48.Kf3 Rf1+ 49.Ke3  1/2-1/2

[Event "5th LGA Premium Cup"]
[Site "Nuernberg GER"]
[Date "2008.09.04"]
[Round "1"]
[White "Hector,J"]
[Black "Lange,Ca"]
[Result "1-0"]
[WhiteElo "2537"]
[BlackElo "2061"]

1.e4 c5 2.Nf3 e6 3.d4 cxd4 4.Nxd4 Nc6 5.Nc3 Qc7 6.Be3 d6 7.Qd2 a6 8.g4 h6
9.f4 Nf6 10.Be2 Be7 11.O-O-O Nxd4 12.Qxd4 e5 13.Qd3 Be6 14.f5 Bd7 15.h4 Bc6
16.g5 Nd7 17.Bh5 Nf8 18.gxh6 gxh6 19.Qc4 O-O-O 20.Bxf7 b5 21.Qb3 Bf6 22.a4 bxa4
23.Be6+ Bd7 24.Nxa4 Bxe6 25.Nb6+ Kb8 26.Nd5+ Qb7 27.Qxb7+ Kxb7 28.fxe6 Nh7
29.Rdf1  1-0

[Event "17th CRO-chT 1a"]
[Site "Sibenik CRO"]
[Date "2008.09.04"]
[Round "8"]
[White "Brkic,A"]
[Black "Ivanisevic,I"]
[Result "1/2-1/2"]
[WhiteElo "2530"]
[BlackElo "2664"]

1.e4 c5 2.Nf3 e6 3.d4 cxd4 4.Nxd4 Nc6 5.Nc3 Qc7 6.Be3 a6 7.Be2 b5 8.Nxc6 Qxc6
9.Bf3 Bb7 10.e5 Qc7 11.Bxb7 Qxb7 12.O-O Rc8 13.Qd3 Ne7 14.a4 b4 15.Ne4 Nf5
16.Rfe1 h6 17.c4 bxc3 18.bxc3 Be7 19.Rab1  1/2-1/2